000 00428nab a2200145Ia 4500
003 ES-SlBCS
005 20210601132247.0
008 140529s2009 xxu||||| |||| 00| 0 ita d
041 _aita
100 1 _aOlgiati, Francesco
_912610
245 0 0 _aIl concetto del concetto
_c Francesco Olgiati
650 0 4 _aIrracionalismo Contemporáneo
_9193443
773 0 _tAquinas
_gvol. 52, nº. 1-2, 2009, págs. 143-174
_wRev52
942 _cAR
999 _c576856
_d576856